00740nam a2200181Ia 4500008004100000020001500041050002300056100003200079245008200111260003400193300003500227500002400262504002500286505014100311650004200452650002600494700003800520120720s1993 mx a 000 0 spa d a9682442397 aTD176.7 bA33 1993 aAdame Romero, Auroraeautor aContaminación ambientalc / Aurora Adame Romero, Daniel A. Salín Pascual  aMéxico b : Trillasc, 1993 a65 páginasb : ilustraciones aReimpresión: 1997 aBibliografia (p. 65) a¿Qué es la contaminación? Contaminación del aire Contaminación del agua Contaminación del suelo La contaminación y el clima 0aCONTAMINACIÓNxASPECTOS AMBIENTALES 0aTOXICOLOGIA AMBIENTAL aSalín Pascual, Daniel A.eautor